00658nam a2200157Ia 4500008004100000020001800041100001700059245007300076260002200149440001900171650001200190650016500202856004100367999001900408952007300427171212s9999 xx 000 0 und d a9781760460976 aMoore, Clive cMoore, CliveaMaking MalabMalaita in Solomon Islands, 1870s–1930s bANU E Pressc2017 aPacific Series aHistory aMalaita Province (Solomon Islands) -- History; Malaita Province (Solomon Islands) -- Social life and customs; Malaita Province (Solomon Islands) -- Civilization uhttp://jstor.org/stable/j.ctt1rfsrr9 c351196d351196 001040aCLbCLd2017-12-12l0r2017-12-12 00:00:00w2017-12-12yCBE